The Journal of the American Chamber of Commerce in Japan

Na minha lista:
Detalhes bibliográficos
Formato: Livro
Idioma:Undetermined
Publicado em: Tokyo ACCJ 1993
Assuntos:
Tags: Adicionar Tag
Sem tags, seja o primeiro a adicionar uma tag!
Thư viện lưu trữ: Trung tâm Học liệu Trường Đại học Cần Thơ
LEADER 00495nam a2200193Ia 4500
001 CTU_97716
008 210402s9999 xx 000 0 und d
082 |a 303.4 
082 |b J86 
245 4 |a The Journal of the American Chamber of Commerce in Japan 
245 0 |c ACCJ 
260 |a Tokyo 
260 |b ACCJ 
260 |c 1993 
650 |a Commerce 
650 |x Periodicals 
650 |z Japan,United states 
904 |i Giang 
980 |a Trung tâm Học liệu Trường Đại học Cần Thơ